000 00813nam a2200241Ia 4500
003 OSt
005 20220923221641.0
006 a|||||r|||| 00| 0
007 ta
008 220922b |||||||| |||| 00| 0 hin d
024 _a199,025
037 _cTextual
040 _aARTS
_cARTS
_bhin
041 _2hin
_ahin
082 _aP152,7, 152N1
100 _aगुप्ता, रामप्रकाश
245 0 _aप्रयोगातमक और प्रयोजन मूलक हिन्दी
246 _aPrayogātamak aur prayojan mūlak hindī
260 _aनई दिल्ली
_b राधाकृष्ण
_c1991
300 _a124पृ.
_ccm.
942 _hP152,7, 152N1
_cTEXL
_2CC
999 _c350804
_d350804